000 01359nam a22003737a 4500
003 CHAP
005 20220329135245.0
008 971013s1987 r 00010 d
010 _a33367
011 _a34339
035 _a38455
040 _cCHAP
090 _aTesis
100 0 0 _aMaya Lozano, José Blas.
_973195
245 _aEfecto del deficit hídrico durante la etapa reproductiva inicial sobre algunas características agronómicas del maíz (Zea mays L.)
260 _aChapingo, Méx. :
_bEl autor,
_c1987
300 _a84 h.
_b: ilus. ; gráfs
502 _aTesis (M.C. Esp. en Genética) -- CP. Centro de Genética
590 _aALEPH
_b10
_c20130110
_lUCH01
_h1258
590 _aBATCH-UPD
_b10
_c20130110
_lUCH01
_h0303
590 _aBATCH-UPD
_b10
_c20130110
_lUCH01
_h1958
590 _aBATCH-UPD
_b10
_c20130409
_lUCH01
_h2334
590 _aBATCH-UPD
_b10
_c20130410
_lUCH01
_h1616
590 _aBATCH-UPD
_b10
_c20130914
_lUCH01
_h1750
590 _aCONVERSION
_b10
_c20130109
_lUCH01
_h1319
650 1 4 _aMaíz
_xEfecto de la humedad.
_970931
650 1 4 _aMaíz
_xEfecto de las sequías.
_970933
650 1 4 _aMaíz
_xFisiología y morfología.
_970958
650 1 4 _aMaíz
_xIrrigación.
_970998
901 _aBK
942 _cFOLL
949 _bBC
_cTES
_d-87936
_eTS1
_h19773
_i38455
_mD
_si
949 _bBC
_cTES
_d-87938
_eTS2
_fc.2
_h19774
_i38455
_mD
_si
999 _c33367
_d33367